Southville International School and Colleges
Your cart is empty.
  • Cart
  • Lists
    Public lists Eva Luna New books Lux_list list_1
    Your lists Log in to create your own lists
  • Log in to your account
  • Your cookies
  • Search history
Southville International School and Colleges
  • Advanced search
  • Recent comments
  • Most popular
  • Libraries

Log in to your account

Log in with GOOGLE


If you do not have an external account, but do have a local account, you can still log in:

  1. Home
  2. MARC view: Pirates of the purple dawn /
Normal view MARC view ISBD view

Pirates of the purple dawn / (Record no. 34718)

[ view plain ]
MARC details
000 -LEADER
fixed length control field 02441cam a22004817a 4500
001 - CONTROL NUMBER
control field 14880079
003 - CONTROL NUMBER IDENTIFIER
control field OSt
005 - DATE AND TIME OF LATEST TRANSACTION
control field 20140310184500.0
008 - FIXED-LENGTH DATA ELEMENTS--GENERAL INFORMATION
fixed length control field 070605s2007 nyua c 000 1 eng
010 ## - LIBRARY OF CONGRESS CONTROL NUMBER
LC control number 2007297661
020 ## - INTERNATIONAL STANDARD BOOK NUMBER
International Standard Book Number 0439902509
020 ## - INTERNATIONAL STANDARD BOOK NUMBER
International Standard Book Number 9780439902502
024 30 - OTHER STANDARD IDENTIFIER
Standard number or code 9780439902502
Additional codes following the standard number or code 50399
035 ## - SYSTEM CONTROL NUMBER
System control number (OCoLC)ocm78556897
040 ## - CATALOGING SOURCE
Original cataloging agency NOG
Transcribing agency NOG
Modifying agency LEO
-- BAKER
-- BTCTA
-- GK8
-- DLC
042 ## - AUTHENTICATION CODE
Authentication code lccopycat
050 00 - LIBRARY OF CONGRESS CALL NUMBER
Classification number PZ 7
Item number .Ab1587Pi 2007
100 1# - MAIN ENTRY--PERSONAL NAME
Personal name Abbott, Tony,
Dates associated with a name 1952-
9 (RLIN) 28580
245 10 - TITLE STATEMENT
Title Pirates of the purple dawn /
Statement of responsibility, etc Tony Abbott ; illustrated by Royce Fitzgerald ; cover illustration by Tim Jessell.
260 ## - PUBLICATION, DISTRIBUTION, ETC. (IMPRINT)
Place of publication, distribution, etc New York :
Name of publisher, distributor, etc Scholastic Inc.,
Date of publication, distribution, etc 2007.
300 ## - PHYSICAL DESCRIPTION
Extent 124 p. :
Other physical details ill.;
Dimensions 20 cm.
490 1# - SERIES STATEMENT
Series statement Secrets of Droon ;
Volume number/sequential designation 29
520 ## - SUMMARY, ETC.
Summary, etc Everything in Droon is changing. Lord Sparr has disappeared. Ko and Gethwing have fled to the Dark Lands. And an old villain is back -- Ving, leader of the Hawk Bandits! This time, he has his twin sister in tow, along with her band of wicked pirates. Arrrg! They're snatching magical stones from all over Droon, and using them to build an enchanted passageway that will transport nasty dragons from the past into the present. Can Eric and his friends put a stop to the pirates? Or will they be lost at sea?
521 ## - TARGET AUDIENCE NOTE
Target audience note
526 ## - STUDY PROGRAM INFORMATION NOTE
Reading level 650
541 ## - IMMEDIATE SOURCE OF ACQUISITION NOTE
-- 1
541 ## - IMMEDIATE SOURCE OF ACQUISITION NOTE
-- 2
562 ## - COPY AND VERSION IDENTIFICATION NOTE
Number of copies 2
650 #0 - SUBJECT ADDED ENTRY--TOPICAL TERM
Topical term or geographic name as entry element Droon (Imaginary place)
Form subdivision Juvenile fiction.
9 (RLIN) 28581
650 #0 - SUBJECT ADDED ENTRY--TOPICAL TERM
Topical term or geographic name as entry element Wizards
Form subdivision Juvenile fiction.
9 (RLIN) 28582
650 #1 - SUBJECT ADDED ENTRY--TOPICAL TERM
Topical term or geographic name as entry element Magic
Form subdivision Fiction.
9 (RLIN) 28583
650 #1 - SUBJECT ADDED ENTRY--TOPICAL TERM
Topical term or geographic name as entry element Droon (Imaginary place)
Form subdivision Fiction.
9 (RLIN) 28584
650 #1 - SUBJECT ADDED ENTRY--TOPICAL TERM
Topical term or geographic name as entry element Wizards
Form subdivision Fiction.
9 (RLIN) 28585
655 #7 - INDEX TERM--GENRE/FORM
Genre/form data or focus term Children's stories.
Source of term lcsh
9 (RLIN) 3012
655 #7 - INDEX TERM--GENRE/FORM
Genre/form data or focus term Fantasy fiction.
Source of term gsafd
9 (RLIN) 3053
700 1# - ADDED ENTRY--PERSONAL NAME
Personal name Fitzgerald, Royce.
9 (RLIN) 28586
700 1# - ADDED ENTRY--PERSONAL NAME
Personal name Jessell, Tim.
9 (RLIN) 23337
800 1# - SERIES ADDED ENTRY--PERSONAL NAME
Personal name Abbott, Tony,
Dates associated with a name 1952-
Title of a work Secrets of Droon ;
Volume/sequential designation #29.
9 (RLIN) 28587
856 42 - ELECTRONIC LOCATION AND ACCESS
Materials specified Publisher description
Uniform Resource Identifier <a href="http://www.loc.gov/catdir/enhancements/fy1116/2007297661-d.html">http://www.loc.gov/catdir/enhancements/fy1116/2007297661-d.html</a>
906 ## - LOCAL DATA ELEMENT F, LDF (RLIN)
a 7
b cbc
c copycat
d 2
e ncip
f 20
g y-gencatlg
942 ## - ADDED ENTRY ELEMENTS (KOHA)
Source of classification or shelving scheme Library of Congress Classification
Koha item type
Holdings
Withdrawn status Lost status Source of classification or shelving scheme Damaged status Home library Current library Shelving location Date acquired Total Checkouts Full call number Barcode Date last seen Copy number Price effective from Koha item type
    Library of Congress Classification   Luxembourg Library Luxembourg Library Scholastic Reading Center Section 10/12/2013   PZ 7 .Ab1587Pi 2007 LEX2643 04/18/2017 1 10/12/2013 Books
    Library of Congress Classification   Luxembourg Library Luxembourg Library Scholastic Reading Center Section 10/12/2013   PZ 7 .Ab1587Pi 2007 LEX2541 04/18/2017 2 10/12/2013 Books

Pirates of the purple dawn /

APA

Abbott T., Fitzgerald R. & Jessell T. (2007). Pirates of the purple dawn. New York: Scholastic Inc.

Chicago

Abbott Tony, Fitzgerald Royce and Jessell Tim. 2007. Pirates of the purple dawn. New York: Scholastic Inc.

Harvard

Abbott T., Fitzgerald R. and Jessell T. (2007). Pirates of the purple dawn. New York: Scholastic Inc.

MLA

Abbott Tony, Fitzgerald Royce and Jessell Tim. Pirates of the purple dawn. New York: Scholastic Inc. 2007.

  • Place hold
  • Print
  • Cite
  • Add to your cart (remove)
  • Save record
    BIBTEX Dublin Core MARCXML MARC (non-Unicode/MARC-8) MARC (Unicode/UTF-8) MARC (Unicode/UTF-8, Standard) MODS (XML) RIS
  • More searches
    Search for this title in:
    Other Libraries (WorldCat) Other Databases (Google Scholar) Online Stores (Bookfinder.com) Open Library (openlibrary.org)

Exporting to Dublin Core...

SOUTHVILLE LIBRARY

Southville International School and Colleges Library

1281 Tropical Ave. Cor. Luxembourg St., BF Homes International, Las Pinas City

Tel. No. 8256374 / 252358 Loc. 117/146

Powered by Koha